|
|
|
|
| LEADER |
00773nab a2200217 i 4500 |
| 001 |
acta8878 |
| 005 |
20240507101437.0 |
| 008 |
161015s2006 hu o 000 hun d |
| 022 |
|
|
|a 1586-0116
|
| 040 |
|
|
|a SZTE Egyetemi Kiadványok Repozitórium
|b hun
|
| 041 |
|
|
|a hun
|
| 100 |
3 |
|
|a The B-52'S
|
| 245 |
1 |
0 |
|a Claire bolygó ; Láva
|h [elektronikus dokumentum] :
|b [dalszövegek] /
|c The B-52'S
|
| 260 |
|
|
|a JABE a Hallgatókért Kiadói Alapítvány
|b Szeged
|c 2006
|
| 300 |
|
|
|a 116-118
|
| 490 |
0 |
|
|a Fosszília
|
| 650 |
|
4 |
|a Bölcsészettudományok
|
| 650 |
|
4 |
|a Nyelvek és irodalom
|
| 695 |
|
|
|a Amerikai irodalom - dalszöveg, Amerikai irodalom - vers
|
| 700 |
0 |
1 |
|a Virág Zoltán
|
| 856 |
4 |
0 |
|u http://acta.bibl.u-szeged.hu/8878/1/fosszilia_2006_4_116-118.pdf
|z Dokumentum-elérés
|